College Quizbowl Stats
College Quizbowl Stats
Circuits
Seasons
Sets
Records
Detailed Stats
About
Loading...
2024 Penn Bowl UNC
Tossups
Bonuses
Players
Teams
Categories (Tossup)
Categories (Bonus)
Diego Miguel Almaraz-Pérez
North Carolina A
Categories
Category
Powers
Gets
Negs
BBs
Points
Earliest Buzz
Avg. Buzz
First Buzzes
Top 3 Buzzes
Mythology
0
2
0
2
20
143
148.50
0
2
Religion
0
1
0
0
10
142
142.00
0
1
History - European History
0
1
1
1
5
128
128.00
0
1
Geography
0
0
1
0
-5
0.00
0
0
Philosophy
0
0
1
0
-5
0.00
0
0
Buzzes
Category
Answer
Value
Buzz Position
History - European History
Norway
-5
89
Geography
Rhine River
-5
96
Philosophy
filial piety
-5
125
History - European History
Aachen
10
128
Religion
green
10
142
Mythology
Maya people
10
143
Mythology
rabbit
10
154
Previous
1
Next